00301nam a2200121Ia 4500008004100000100004600041245001800087260002500105300000900130650001600139942000700155999001700162190216s9999||||xx |||||||||||||| ||und|| aNarayanan S And Manicavachagom Pillay T K 0aCalculus Vol2 bViswanathan S.c1999 a335p aMathematics cBK c31580d31580